000 00853nam a2200253Ia 4500
003 OSt
005 20221005103227.0
006 a|||||r|||| 00| 0
007 ta
008 221004b |||||||| |||| 00| 0 hin d
024 _a109686
037 _cTextual
040 _aCRL
_cCRL
_bhin
041 _2hin
_ahin
082 _aO152,2M88x, K0
100 _aचतुर्वेदी, माखनलाल
245 0 _aअमीर इरादे
_b गरीब इरादे
246 _aAmīr irāde: garīb irāde
260 _aकाशी
_bभारतीय ज्ञानपीठ भारत
_c1960
300 _a128पृ0
_ccm.
650 _aहिन्दी साहित्य
942 _hO152,2M88x, K0
_cTEXL
_2cc
999 _c1009645
_d1009645